Les grands films des années 2000 - Statistiques

Statistiques générales
  • Ce quiz a été pris 165 fois
  • Le résultat moyen est 8 sur 20
Statistiques - réponses
sortie Description Titre du film % Correct
2000 À la suite d'un crash d'avion, un employé de FedEx se retrouve naufragé sur une île déserte où il doit apprendre à survivre seul pendant quatre ans. Seul au monde
82%
2001 En 1941, l'histoire d'amour contrariée entre deux pilotes et une infirmière avec la reconstitution spectaculaire de l'attaque japonaise sur cette base du Pacifique. Pearl Harbor
73%
2002 L'histoire vraie d'un musicien juif polonais qui tente de survivre dans les ruines de Varsovie après avoir échappé à la déportation. Il doit finalement son salut à un officier allemand mélomane. Le pianiste
64%
2001 Un élégant cambrioleur rassemble une équipe de dix spécialistes pour braquer simultanément trois des plus grands casinos de Las Vegas appartenant à son rival. Ocean's Eleven
60%
2008 Les déboires d'un directeur de poste du Sud de la France muté pour sanction dans le Nord, une région qu'il redoute par pur préjugé.Sur place, il découvre une culture chaleureuse et se lie d'amitié avec les habitants. Bienvenue chez les Chtis
55%
2006 Accusé à tort d'un meurtre au Louvre, un expert en symbologie accompagné d'une cryptologue mène une course contre la montre pour décrypter des indices cachés dans les œuvres de Léonard de Vinci. Da Vinci code
55%
2003 L'amour sous toutes ses formes, à travers les destins croisés de plusieurs personnages londoniens dont les vies s'entremêlent à l'approche de Noël. Love actually
44%
2004 L'histoire d'un voyageur dont le passeport devient invalide suite à un coup d'État dans son pays, le forçant à vivre dans l'aéroport de New York. Bloqué dans cette zone de transit, il y organise sa vie pendant de longs mois. Le terminal
43%
2008 Ce film raconte l'histoire extraordinaire d'un homme qui naît avec l'apparence d'un vieillard et rajeunit au fil des années. C'est une épopée poétique, illustrée par sa relation touchante avec Daisy, la femme qu'il aime malgré leurs trajectoires de vie inversées. L'étrange histoire de Benjamin Button
42%
2009 Sur une lune lointaine, un ancien Marine paraplégique infiltre le peuple autochtone via un corps artificiel pour une mission d'espionnage. Il finit par s'éprendre d'eux, le menant à choisir leur camp pour protéger leur monde contre les humains. Avatar
40%
2002 L'incroyable histoire vraie de la cavale d'un jeune génie de l'escroquerie qui devient tour à tour pilote, médecin et avocat tout en détournant des millions de dollars. Arrête moi si tu peux
39%
2009 Nelson Mandela, nouvellement élu, se sert de la Coupe du Monde de rugby dans son pays, pour tenter d'unir l'Afrique du Sud post-apartheid autour de son équipe nationale des Springboks. Invictus
37%
2005 Le soir de Noël 1914, les soldats français, britanniques et allemands déposent les armes pour fraterniser, à travers la musique et l'humanité. Joyeux Noël
34%
2007 Inspiré de faits réels, ce thriller suit l'obsession de plusieurs journalistes et enquêteurs pour démasquer un tueur qui terrorise San Francisco à travers des messages cryptés, sur plusieurs décennies. Zodiac
30%
2007 Inspiré d'une histoire vraie, ce film suit le périple d'un jeune diplômé qui plaque tout pour vivre en autarcie dans les contrées sauvages de l'Alaska. C'est une quête spirituelle et solitaire qui célèbre la liberté absolue tout en explorant les dangers d'une nature aussi sublime qu'impitoyable. Into the wild
27%
2004 Un détective parisien est envoyé en Corse pour retrouver un chef de clan afin de lui remettre un héritage. Confronté à la loi du silence et aux coutumes locales, il se retrouve embarqué dans une série de péripéties absurdes au cœur du maquis. L'enquête corse
25%
2003 La cavale improbable entre un criminel mutique et vengeur, et son co-détenu, particulièrement stupide et naïf, d'une gentillesse exaspérante qui le considère comme son meilleur ami. Tais-toi
18%
2006 Huit ans après le meurtre de sa femme, un pédiatre reçoit un mail mystérieux contenant une vidéo récente suggérant qu'elle est toujours en vie. Accusé de nouveaux meurtres, une cavale commence… Ne le dis à personne
13%
2005 Dans un futur proche, des survivants vivent dans un complexe stérile en espérant gagner une loterie pour rejoindre "l'île", le dernier lieu non contaminé de la Terre. Mais l'un d'eux, réussit à sortir et découvre une vérité bien différente… The Island
13%
2000 La rencontre entre un chef d'entreprise inculte mais touchant et une actrice de théâtre intellectuelle qui le méprise. Une comédie sociale subtile sur les préjugés culturels et la difficulté d'aimer ceux qui ne nous ressemblent pas. Le goût des autres
12%
Aucun quiz correspondant
Distribution des résultats
% des personnes avec chaque résultat
Percentile par nombre de réponses
Votre historique - résultats
Vous n’avez pas pris ce quiz